Couples dans Scènes de ménages - Statistiques

Statistiques générales
  • Ce quiz a été pris 532 fois
    99 depuis la dernière actualisation
  • Le résultat moyen est 11 sur 18
Statistiques - réponses
Personnages % Correct
Raymond
100%
Huguette
97%
José
90%
Liliane
87%
Emma
78%
Cédric
77%
Fabien
76%
Marion
72%
Philippe
66%
Leslie
64%
Léo
63%
Camille
62%
Jalil
35%
Louise
34%
Alice
30%
Gilbert
26%
Christine
24%
Sofiane
23%
Aucun quiz correspondant
Distribution des résultats
% des personnes avec chaque résultat
Percentile par nombre de réponses
Votre historique - résultats
Vous n’avez pas pris ce quiz depuis la dernière actualisation